| 000 | 01275cab a2200301 4500 | ||
|---|---|---|---|
| 001 | ABS37167 | ||
| 008 | 090401t1986 xxu||||| |||| 00| 0 eng d | ||
| 035 | _a(Sirsi) u2619 | ||
| 041 | _aeng | ||
| 245 | _aElement design guide: Substructure 1 - domestic engineering | ||
| 260 | _c1986 | ||
| 350 | _a0 | ||
| 490 |
_aArchitects` Journal _v184(48) 26 November 1986,55-71 (13) |
||
| 520 | _aFirst article in the element design guide provides a guide to engineering aspects of substructure for residential property covering guidance for architects, site investigation , subsoil types , foundations , special problems including shrinkable clay and mining subsidence , ground floor slabs and retaining walls . References to British standards and BRE Digests. | ||
| 650 | _aCONCRETE | ||
| 650 | _aBUILT ENVIRONMENT-BUILDING ELEMENTS-COMPLETE BUILDING ELEMENTS-FLOORS | ||
| 650 | _aGROUND INVESTIGATION | ||
| 650 | _aHOUSING | ||
| 650 | _aMOISTURE PENETRATION | ||
| 650 | _aPILE FOUNDATIONS | ||
| 650 | _aRAFT FOUNDATIONS | ||
| 650 | _aSOIL IDENTIFICATION | ||
| 650 | _aSTRUCTURAL DESIGN | ||
| 650 | _aBUILT ENVIRONMENT-BUILDING ELEMENTS-COMPLETE BUILDING ELEMENTS-WALLS | ||
| 690 | _aBUILT ENVIRONMENT-CONSTRUCTION DESIGN | ||
| 942 | _n0 | ||
| 948 | _c04/03/1997 | ||
| 999 |
_c1576 _d1576 |
||